|
|
|
|
| LEADER |
00959nam a22002417a 4500 |
| 001 |
AAL4305 |
| 003 |
BD-DhAAL |
| 005 |
20160318175453.0 |
| 008 |
160318s 2001bg ||||| |||| 00| 0 ben d |
| 040 |
|
|
|a BD-DhAAL
|c BD-DhAAL
|
| 082 |
|
|
|2 22
|a 891/.44/0995492
|
| 100 |
|
|
|a আল মাহমুদ
|9 18587
|
| 245 |
|
|
|a প্রবন্ধ সমগ্র /
|c আল মাহমুদ
|
| 250 |
|
|
|a 1st ed.
|
| 260 |
|
|
|a ঢাকা :
|b নিউ শিখা প্রকাশনী,
|c ২০০১
|
| 300 |
|
|
|a ৩২০ পৃ. ;
|c ২২ সে.মি.
|
| 541 |
|
|
|e 4305
|
| 650 |
|
|
|a Bengali essays
|y 20th century.
|z Bangladesh
|9 18588
|
| 650 |
|
|
|a Bengali essays.
|9 18589
|
| 852 |
|
|
|a Savar Campus Library
|c General Stacks
|
| 942 |
|
|
|2 ddc
|c BK
|
| 999 |
|
|
|c 37141
|d 37141
|
| 952 |
|
|
|0 0
|1 0
|2 ddc
|4 0
|6 891_000000000000000__44_0995492_ALM
|7 0
|9 58409
|a SCL
|b SCL
|c GEN
|d 2016-03-18
|g 200.00
|l 1
|m 4
|o 891.440995492 ALM
|p 3020004305
|r 2017-11-29
|s 2017-10-30
|t 1
|w 2016-03-18
|y BK
|